| 000 | 00708nam a22002057a 4500 | ||
|---|---|---|---|
| 005 | 20231206163902.0 | ||
| 008 | 231128b ||||| |||| 00| 0 eng d | ||
| 040 | _cAL | ||
| 041 | _aKannada | ||
| 082 |
_223 _aK894.8 _bTHIK |
||
| 100 |
_aThithira Rekha Vasanth ತೀತೀರ ರೇಖಾ ವಸಂತ _9144549 |
||
| 245 | _aKodava Rangabhumi ಕೊಡವ ರಂಗಭೂಮಿ | ||
| 260 |
_aMangalagangothri _bPrasaranga Mangalore University _c2006 |
||
| 300 |
_axi,99 p. _bPB _c21.5x14 cm. |
||
| 365 |
_a063-065 _b₹30.00 _c₹ _d₹60.00 _e50% _f23-11-2023 |
||
| 650 |
_aKodava Theatre _9144513 |
||
| 650 |
_aKodagu India _9144547 |
||
| 700 |
_aTHITHIRA REKHA VASANTH _9144548 |
||
| 942 |
_2ddc _cBK |
||
| 999 |
_c229336 _d229336 |
||